Top 20 cement producing countries in the world - Statistics

General Stats
  • This quiz has been taken 46 times
  • The average score is 16 of 20
Answer Stats
Hydraulic cement(In Metric tons) Country % Correct
85,480,000 United States
98%
2,674,079,000 China
95%
60,917,000 Russia
93%
62,691,000 Brazil
91%
322,372,000 India
91%
51,029,000 Japan
91%
40,647,000 Mexico
88%
31,668,000 Germany
84%
67,607,000 Indonesia
81%
37,398,000 Pakistan
81%
59,719,000 Iran
79%
59,146,000 Egypt
77%
54,876,000 South Korea
74%
80,669,000 Turkey
74%
83,912,000 Vietnam
72%
40,656,000 Thailand
70%
23,107,000 Nigeria
67%
26,042,000 Philippines
67%
63,474,000 Saudi Arabia
65%
25,530,000 Algeria
51%
No matching quizzes found
Score Distribution
Percent of People with Each Score
Percentile by Number Answered
Your Score History
You have not taken this quiz